Les 2 villes les plus peuplées par région française en M - Statistiques

Statistiques générales
  • Ce quiz a été pris 75 fois
  • Le résultat moyen est 11 sur 26
Statistiques - réponses
Régions Départements Population Villes % Correct
Grand Est Moselle 122 000 Metz
97%
Provence Alpes Côte d’Azur Bouches du Rhône 877 000 Marseille
95%
Occitanie Hérault 307 000 Montpellier
91%
Haut Rhin 105 000 Mulhouse
89%
Tarn et Garonne 62 000 Montauban
82%
Nouvelle Aquitaine Gironde 77 000 Mérignac
70%
Landes 31 000 Mont de Marsan
70%
Île de France Seine Saint Denis 111 000 Montreuil
67%
Auvergne Rhône Alpes Drôme 40 000 Montélimar
64%
Bourgogne Franche Comté Saône et Loire 34 000 Mâcon
59%
Doubs 28 000 Montbéliard
56%
Bouches du Rhône 49 000 Martigues
48%
Centre Val de Loire Loiret 15 000 Montargis
44%
Bretagne Finistère 15 000 Morlaix
38%
Nord 29 000 Maubeuge
36%
Hauts de France Nord 40 000 Marcq en Baroeul
30%
Rhône 36 000 Meyzieu
24%
Val de Marne 58 000 Maisons Alfort
23%
Pays de la Loire Vendée 21 000 Montaigu Vendée
17%
Normandie Seine Maritime 20 000 Mont Saint Aignan
14%
Seine Maritime 16 000 Montivilliers
12%
Eure et Loir 11 000 Mainvilliers
5%
Maine et Loire 19 000 Mauges sur Loire
5%
Ille et Vilaine 8 000 Mordelles
5%
Corse Haute Corse 2 000 Monticello
0%
Haute Corse 1 000 Morosaglia
0%
Aucun quiz correspondant
Distribution des résultats
% des personnes avec chaque résultat
Percentile par nombre de réponses
Votre historique - résultats
Vous n’avez pas pris ce quiz